000 00459nam a2200193Ia 4500
005 20240823023717.0
008 240823s9999||||xx |||||||||||||| ||und||
020 _a978-81-203-2848-8
041 _aENGLISH
082 _A691 P9
100 _a"Varghese,P.C"
245 0 _aBuilding Materials
250 _aIst
260 _c2009
_b"PHI,.New "
_aNew Delhi
500 _aTRANSFERED
650 _aBuilding Materials
_bCivil
942 _cBK
999 _c182194
_d182194